Das Halsband der Taube (Record no. 125602)
[ view plain ]
| 000 -LEADER | |
|---|---|
| fixed length control field | 00418nam a22001457a 4500 |
| 005 - DATE AND TIME OF LATEST TRANSACTION | |
| control field | 20161027122407.0 |
| 008 - FIXED-LENGTH DATA ELEMENTS--GENERAL INFORMATION | |
| fixed length control field | 161027b xxu||||| |||| 00| 0 eng d |
| 050 ## - LIBRARY OF CONGRESS CALL NUMBER | |
| Classification number | HQ19.I214 |
| 100 ## - MAIN ENTRY--PERSONAL NAME | |
| Personal name | Heine, E.W. |
| 9 (RLIN) | 27066 |
| 245 ## - TITLE STATEMENT | |
| Title | Das Halsband der Taube |
| Remainder of title | Roman |
| Statement of responsibility, etc | byHeine, E.W. |
| 260 ## - PUBLICATION, DISTRIBUTION, ETC. (IMPRINT) | |
| Place of publication, distribution, etc | Munchen |
| Name of publisher, distributor, etc | Albrecht Knaus Verlag GmbH |
| Date of publication, distribution, etc | 1994 |
| 300 ## - PHYSICAL DESCRIPTION | |
| Extent | 382p.; |
| Dimensions | 19cm. |
| 650 ## - SUBJECT ADDED ENTRY--TOPICAL TERM | |
| Topical term or geographic name as entry element | Love |
| 9 (RLIN) | 27067 |
| 942 ## - ADDED ENTRY ELEMENTS (KOHA) | |
| Source of classification or shelving scheme | Library of Congress Classification |
| Item type | Monograph ( Printed materials) |
No items available.